Central Library OPAC University of Rajshahi

Studies on Phytochemicals of Wedelia Chinensis (Asteraceae) and Their Anticholinesterase & Antioxidant Activities / (Record no. 82365)

MARC details
000 -LEADER
fixed length control field 01020nam a2200253 a 4500
001 - CONTROL NUMBER
RUCL Control Number 82365
003 - CONTROL NUMBER IDENTIFIER
rucl marc code BD-RjUL
005 - DATE AND TIME OF LATEST TRANSACTION
control field 20231204105031.0
008 - FIXED-LENGTH DATA ELEMENTS--GENERAL INFORMATION
fixed length control field 231128s2018 bg a|||| m||| 00| 0 eng d
035 ## - SYSTEM CONTROL NUMBER
system control number (BD-RjUL)82365
040 ## - CATALOGING SOURCE
Original cataloging agency BD-RjUL
Language of cataloging eng
Transcribing agency BD-RjUL
Modifying agency BD-RjUL
041 ## - LANGUAGE CODE
Language code of Book eng
082 ## - DEWEY DECIMAL CLASSIFICATION NUMBER
DDC Edition number 23
Classification number 572.2
Author mark and Year ISS 2018
100 ## - MAIN ENTRY--PERSONAL NAME
Personal name Islam, Md. Aminul
9 (RLIN) 5279
245 10 - TITLE STATEMENT
Title Studies on Phytochemicals of Wedelia Chinensis (Asteraceae) and Their Anticholinesterase & Antioxidant Activities /
Statement of responsibility, etc Md. Aminul Islam ;
Name of Supervisor/Co-Supervisor Supervisor : M. Shahed Zaman, Co-Supervisor : Md. Golam Shadik
260 ## - PUBLICATION, DISTRIBUTION, ETC. (IMPRINT)
Place of publication, distribution, etc Rajshahi :
Name of publisher, distributor, etc Department of chemistry, University of Rajshahi,
Date of publication, distribution, etc 2018
300 ## - PHYSICAL DESCRIPTION
Pagination viii, 223 Leaves :
Other physical details ill, ;
Dimensions 29 cm.
502 ## - DISSERTATION NOTE
Dissertation note Thesis (Ph. D.) -- Department of chemistry, University of Rajshahi, 2018
504 ## - BIBLIOGRAPHY, ETC. NOTE
Bibliography, etc References : Leaves [208]-223
650 ## - SUBJECT ADDED ENTRY--TOPICAL TERM
Topical term or geographic name as entry element Biochmistry
General subdivision Phytichemicals
9 (RLIN) 10231
700 ## - ADDED ENTRY--SUPERVISOR/CO-SUPERVISOR NAME
Personal name Zaman, M. Shahed, Supervisor
9 (RLIN) 10232
Personal name Shadik, Md. Golam, Co-Supervisor
9 (RLIN) 10233
942 ## - ADDED ENTRY ELEMENTS (KOHA)
Source of classification or shelving scheme Dewey Decimal Classification
Koha item type Theses
Holdings
Source of classification or shelving scheme Damaged status Not for loan Collection code Permanent Location Current Location Shelving location Date of accession Source of acquisition Total Checkouts Full call number Barcode Date last seen Copy number Thesis
Dewey Decimal Classification   Not For Loan Theses Central Library, University of Rajshahi Central Library, University of Rajshahi Documentation Section 06/08/2019 Controller of Exam. R. U.   THE 572.2 ISS 2018 D4362 28/11/2023 C-1 Theses